000 00592nam a2200181Ia 4500
008 100921s9999 xx 000 0 und d
082 _b34903
_a500 न 00
100 _aजावडेकर सुबोध.
245 _aहसरं विज्ञान.
260 _bमॅजेस्टीक बुक स्टॉल,मुंबई.
_c2000
300 _a141
_b---
365 _b100
520 _aविज्ञान.
630 _aहसरं विज्ञान.
650 _aविज्ञान.
730 _aहसरं विज्ञान.
942 _cBOOK
999 _c784016
_d784013